Combustion technology : some modern developments /

Guardado en:
Otros Autores: Palmer, Howard Benedict, 1925- (Editor , ed.), Beér, J. M. 1923- (Editor , ed.), Becker, Philip M. (Contribuidor)
Formato: Libro
Idioma:English
Publicado: New York : Academic Press, 1974.
Materias:
Etiquetas: Agregar Etiqueta
Sin Etiquetas, Sea el primero en etiquetar este registro!
LEADER 00879cam a22002295a 4500
001 EIQ.libpla001247
008 730828s1974####nyua#####b####001#0#eng#d
005 20060825184700.0
245 0 0 |a Combustion technology :  |b some modern developments /  |c edited by Howard B. Palmer [and] J. M. Beér. Contributors: Philip M. Becker ... [et al.]. 
260 |a New York :  |b Academic Press,  |c 1974. 
300 |a xiv, 455 p. :  |b il. ;  |c 24 cm. 
504 |a Incluye referencias bibliográficas e índice. 
020 |a 0125447507 
700 1 |a Palmer, Howard Benedict,  |d 1925-  |e ed.  |4 edt 
700 1 |a Beér, J. M.  |q (János Miklós),  |d 1923-  |e ed.  |4 edt 
700 1 |a Becker, Philip M.  |4 ctb 
082 0 0 |a 621.4/02 
650 4 |a Ingeniería  |x Combustión. 
650 4 |a Engineering  |x Combustion. 
010 |a  73002066  
040 |a DLC  |c DLC  |d AR-BbSID 
859 |a AR-BbSID  |b BIB. PLAPIQUI  |h 621.402  |i C 583  |p 1998